[Event "Politiken Cup 2011"]
[Site "Helsingor"]
[Date "2011.07.31"]
[Round "3.77"]
[White "Christensen, Benjamin"]
[Black "Ramme, Christoph"]
[Result "1-0"]
[WhiteElo "1880"]
[BlackElo "2108"]
[PlyCount "65"]
[EventDate "2011.??.??"]
[WhiteTeam "Skanderborg"]
[BlackTeam "SK Marmstorf"]

1. e4 c5 2. Nf3 d6 3. d4 cxd4 4. Nxd4 Nf6 5. Nc3 g6 6. Be3 Bg7 7. f3 Nc6 8. Qd2
Qa5 9. Nb3 Qc7 10. g4 Ne5 11. Be2 Be6 12. O-O-O Bc4 13. g5 Nfd7 14. f4 Bxe2 15.
Qxe2 Nc4 16. Bd4 Bxd4 17. Rxd4 Na5 18. Nxa5 Qxa5 19. Rd5 Qc7 20. Rhd1 Nb6 21.
R5d4 a6 22. f5 Rd8 23. e5 O-O 24. exd6 Rxd6 25. Rxd6 exd6 26. Ne4 d5 27. Nf6+
Kg7 28. Qf2 h6 29. gxh6+ Kxh6 30. Qh4+ Kg7 31. Ne8+ Rxe8 32. f6+ Kg8 33. Qh6
1-0

[Event "Politiken Cup 2011"]
[Site "Helsingor"]
[Date "2011.07.31"]
[Round "3.78"]
[White "Gershenov, Ben"]
[Black "Rauramaa, Julius"]
[Result "1-0"]
[WhiteElo "2106"]
[BlackElo "1904"]
[PlyCount "49"]
[EventDate "2011.??.??"]
[WhiteTeam "Marshall"]
[BlackTeam "Matinkylan Shakkikenho"]

1. Nf3 c5 2. e4 d6 3. d4 cxd4 4. Nxd4 Nf6 5. Nc3 g6 6. Be3 Bg7 7. f3 Nc6 8. Qd2
O-O 9. O-O-O d5 10. exd5 Nxd5 11. Nxc6 bxc6 12. Bd4 e5 13. Bc5 Be6 14. Bc4 Re8
15. Ne4 Rb8 16. Bb3 f5 17. Ng5 Bh6 18. h4 Qf6 19. Kb1 Rb7 20. c4 Nf4 21. Bd6
Bd7 22. c5+ Kg7 23. Rhe1 Rxb3 24. Bxe5 Rxe5 25. Qxd7+ 1-0

[Event "Politiken Cup 2011"]
[Site "Helsingor"]
[Date "2011.07.31"]
[Round "3.79"]
[White "Randlov, Carsten"]
[Black "Poulsen, Iver"]
[Result "0-1"]
[WhiteElo "1872"]
[BlackElo "2102"]
[PlyCount "80"]
[EventDate "2011.??.??"]
[WhiteTeam "AS04"]
[BlackTeam "Esbjerg"]

1. d4 d5 2. c4 e6 3. Nf3 c6 4. g3 dxc4 5. Bg2 b5 6. Ne5 Bb4+ 7. Bd2 Bxd2+ 8.
Qxd2 Ne7 9. a4 Nd5 10. axb5 cxb5 11. Nc3 f6 12. Ng4 Qd7 13. Ne3 Bb7 14. Ncxd5
exd5 15. Qb4 Kf7 16. O-O Rd8 17. Rfd1 a6 18. h4 g6 19. Kh2 Kg7 20. Qc5 Rc8 21.
Qa3 a5 22. Qc3 b4 23. Qc2 Rd8 24. Qd2 Bc6 25. Bh3 Qd6 26. Ng4 Nd7 27. Qh6+ Kg8
28. Qd2 Qe7 29. Ne3 Nf8 30. Bg2 Qb7 31. Ng4 Nd7 32. Bh3 Rf8 33. Qf4 f5 34. Nh6+
Kh8 35. h5 Nf6 36. hxg6 hxg6 37. Qe5 Qg7 38. Qf4 g5 39. Qxf5 Qxh6 40. Kg2 Bd7
0-1

[Event "Politiken Cup 2011"]
[Site "Helsingor"]
[Date "2011.07.31"]
[Round "3.80"]
[White "Hansen, Morten Moller"]
[Black "Nielsen, Kai Gylling"]
[Result "1-0"]
[WhiteElo "2097"]
[BlackElo "1890"]
[PlyCount "87"]
[EventDate "2011.??.??"]
[WhiteTeam "Damhus"]
[BlackTeam "Roskilde"]

1. d4 Nf6 2. c4 g6 3. Nc3 d5 4. cxd5 Nxd5 5. Na4 Bg7 6. e4 Nf6 7. Nc3 O-O 8.
Bc4 Nc6 9. Nge2 a6 10. a4 e6 11. h3 Na5 12. Ba2 b6 13. b4 Nb7 14. Ba3 Re8 15.
O-O Bf8 16. Qb3 a5 17. b5 Bxa3 18. Qxa3 e5 19. dxe5 Rxe5 20. f4 Rc5 21. e5 Nh5
22. Ne4 Rc2 23. Qb3 Rxe2 24. Qxf7+ Kh8 25. Ng5 Ng7 26. Qc4 Be6 27. Qxe2 Qe7 28.
Bxe6 Nxe6 29. Nxe6 Qxe6 30. Qe4 Rb8 31. Rfd1 Nc5 32. Qc6 Qe7 33. Rd4 Rf8 34.
Rf1 g5 35. fxg5 Rxf1+ 36. Kxf1 Qxe5 37. Rd8+ Kg7 38. Qh6+ Kf7 39. Qxh7+ Qg7 40.
Qxg7+ Kxg7 41. Rd4 Kg6 42. h4 Kf5 43. Rd5+ Ke4 44. Rxc5 1-0

[Event "Politiken Cup 2011"]
[Site "Helsingor"]
[Date "2011.07.31"]
[Round "3.81"]
[White "Krasenkova, Ilena"]
[Black "Andersen, Dag"]
[Result "1-0"]
[WhiteElo "2092"]
[BlackElo "1885"]
[PlyCount "55"]
[EventDate "2011.??.??"]
[BlackTeam "Sarpsborg Sjakklubb"]

1. d4 Nf6 2. c4 c5 3. d5 e5 4. Nc3 d6 5. e4 Nbd7 6. Be2 Be7 7. Bf3 O-O 8. Nge2
Ne8 9. Ng3 g6 10. Bh6 Ng7 11. Qd2 a6 12. h4 Nf6 13. h5 gxh5 14. Bxh5 Nfxh5 15.
Nxh5 Nxh5 16. Rxh5 Bg4 17. Rh2 Re8 18. Qe3 Bh4 19. g3 Bf6 20. f3 Bd7 21. O-O-O
Kh8 22. Rdh1 Rg8 23. f4 Qe7 24. f5 b5 25. Kc2 bxc4 26. Bf8 Rgxf8 27. Rxh7+ Kg8
28. Qh6 1-0

[Event "Politiken Cup 2011"]
[Site "Helsingor"]
[Date "2011.07.31"]
[Round "3.82"]
[White "Nielsen, Steen G"]
[Black "Hvenekilde, Jorgen"]
[Result "1/2-1/2"]
[WhiteElo "1870"]
[BlackElo "2089"]
[PlyCount "33"]
[EventDate "2011.??.??"]
[WhiteTeam "Odysseus"]
[BlackTeam "AS04"]

1. e4 e5 2. Nf3 d6 3. d4 exd4 4. Nxd4 Nf6 5. Nc3 Be7 6. Be2 O-O 7. Be3 a6 8. h3
Re8 9. Qd2 b5 10. a3 c5 11. Nf5 Bxf5 12. exf5 Ra7 13. O-O-O Rd7 14. Bf3 b4 15.
axb4 cxb4 16. Nd5 Nxd5 17. Bxd5 1/2-1/2

[Event "Politiken Cup 2011"]
[Site "Helsingor"]
[Date "2011.07.31"]
[Round "3.83"]
[White "Johansson, Anders 1973"]
[Black "Sjol, Henrik"]
[Result "1-0"]
[WhiteElo "2089"]
[BlackElo "1880"]
[PlyCount "81"]
[EventDate "2011.??.??"]
[WhiteTeam "LASK"]
[BlackTeam "Akademisk"]

1. Nf3 Nf6 2. c4 e6 3. g3 b6 4. Bg2 Bb7 5. O-O Be7 6. d4 O-O 7. d5 exd5 8. Nh4
Re8 9. cxd5 Bf8 10. Nc3 c5 11. Nf5 d6 12. e4 Na6 13. Bf4 Nc7 14. a4 a6 15. g4
h6 16. h4 Nh7 17. g5 hxg5 18. hxg5 g6 19. Nh6+ Bxh6 20. gxh6 Qf6 21. Bg3 b5 22.
axb5 Nxb5 23. Qg4 Bc8 24. Qf4 Nxc3 25. bxc3 Qxf4 26. Bxf4 Rd8 27. e5 dxe5 28.
d6 exf4 29. Bxa8 Bh3 30. Bg2 Bxg2 31. Kxg2 Rxd6 32. Rfd1 Rxd1 33. Rxd1 Ng5 34.
f3 Kh7 35. Rd5 Ne6 36. Rd7 Kxh6 37. Rxf7 Ng7 38. Rxf4 Kg5 39. Ra4 Nf5 40. Rxa6
Nh4+ 41. Kf2 1-0

[Event "Politiken Cup 2011"]
[Site "Helsingor"]
[Date "2011.07.31"]
[Round "3.84"]
[White "Nielsen, Borge Hjerrild"]
[Black "Nordin, Eric"]
[Result "1/2-1/2"]
[WhiteElo "2083"]
[BlackElo "1876"]
[PlyCount "106"]
[EventDate "2011.??.??"]
[WhiteTeam "Hvidovre"]
[BlackTeam "Helsingborgs SS"]

1. d4 d6 2. Nf3 g6 3. g3 Bg7 4. Bg2 Nd7 5. c4 e5 6. e4 Ne7 7. O-O O-O 8. Nc3
exd4 9. Nxd4 Re8 10. Be3 Ne5 11. b3 N7c6 12. Nxc6 Nxc6 13. Rc1 Be6 14. Qd2 Qd7
15. Rfe1 Rad8 16. Nd5 Bxd5 17. exd5 Ne5 18. Bd4 Qg4 19. f4 Nf3+ 20. Bxf3 Bxd4+
21. Qxd4 Qxf3 22. Qxa7 Ra8 23. Rxe8+ Rxe8 24. Qf2 Qe2 25. Rf1 Qd3 26. Re1 Rxe1+
27. Qxe1 Qc2 28. Qf2 Qb1+ 29. Kg2 Qe4+ 30. Kh3 h5 31. g4 Qd3+ 32. Kh4 hxg4 33.
Kxg4 Kg7 34. Qb2+ f6 35. Qf2 f5+ 36. Kh4 Qd1 37. Qg2 Qh5+ 38. Kg3 Qg4+ 39. Kf2
Qxf4+ 40. Ke2 Kf6 41. Kd3 g5 42. Qe2 Qe5 43. Qh5 Qe4+ 44. Kc3 Qe3+ 45. Kc2 Ke5
46. Qh7 Qe2+ 47. Kb1 Qd3+ 48. Kb2 g4 49. Qxc7 Qd2+ 50. Ka3 Qxh2 51. c5 Kxd5 52.
Qf7+ Kxc5 53. Qxf5+ Qe5 1/2-1/2

[Event "Politiken Cup 2011"]
[Site "Helsingor"]
[Date "2011.07.31"]
[Round "3.85"]
[White "Pedersen, Bent O"]
[Black "Nielsen, Poul Erik"]
[Result "0-1"]
[WhiteElo "1860"]
[BlackElo "2083"]
[PlyCount "96"]
[EventDate "2011.??.??"]
[WhiteTeam "Hvidovre"]
[BlackTeam "Holstebro"]

1. e4 g6 2. d4 Bg7 3. Nf3 d6 4. c4 Nd7 5. Nc3 e5 6. d5 Ne7 7. Bd3 Nc5 8. b4
Nxd3+ 9. Qxd3 f5 10. O-O O-O 11. Rb1 Kh8 12. Nd2 fxe4 13. Ndxe4 Nf5 14. Ne2 Bd7
15. Bb2 a6 16. f4 Qe7 17. fxe5 Bxe5 18. Bxe5+ Qxe5 19. Qc3 Qxc3 20. N2xc3 Ne3
21. Rxf8+ Rxf8 22. Nd2 Kg7 23. Re1 Nc2 24. Re7+ Rf7 25. Rxf7+ Kxf7 26. b5 axb5
27. cxb5 Na3 28. Kf2 Bxb5 29. Nxb5 Nxb5 30. Ne4 h6 31. Ke3 Ke7 32. Kd3 Na7 33.
a4 c6 34. Kc4 Nc8 35. a5 Kd7 36. Nf6+ Kc7 37. Ng8 h5 38. Nf6 Ne7 39. Ne8+ Kd7
40. Nf6+ Kd8 41. Kd4 Nxd5 42. Nxd5 cxd5 43. Kxd5 Kd7 44. h4 Ke7 45. Kc4 Ke6 46.
Kb5 Kd7 47. Kb6 Kc8 48. g3 Kb8 0-1

[Event "Politiken Cup 2011"]
[Site "Helsingor"]
[Date "2011.07.31"]
[Round "3.86"]
[White "Schmied, Andreas"]
[Black "Astrom, Lars"]
[Result "1/2-1/2"]
[WhiteElo "2081"]
[BlackElo "1871"]
[PlyCount "92"]
[EventDate "2011.??.??"]
[BlackTeam "Limhamn"]

1. d4 d5 2. c4 c6 3. Nf3 Nf6 4. e3 Bf5 5. Nc3 e6 6. Nh4 Bg6 7. Be2 Nbd7 8. Bd2
Bd6 9. g3 dxc4 10. Nxg6 hxg6 11. Bxc4 O-O 12. O-O e5 13. dxe5 Nxe5 14. Be2 Qe7
15. Qc2 Rfe8 16. Ne4 Nf3+ 17. Bxf3 Nxe4 18. Bxe4 Qxe4 19. Qxe4 Rxe4 20. Bc3 Re7
21. Rfd1 Rd7 22. Rd3 Rad8 23. Rad1 Kf8 24. e4 Ke7 25. h4 f6 26. Kg2 Bc7 27.
Bb4+ Bd6 28. Rxd6 Rxd6 29. Rxd6 Rxd6 30. Kf3 b6 31. Bxd6+ Kxd6 32. Ke3 Kc5 33.
Kd3 a5 34. f4 b5 35. g4 Kd6 36. b3 g5 37. e5+ fxe5 38. fxg5 c5 39. h5 Ke6 40.
Ke4 c4 41. bxc4 bxc4 42. h6 gxh6 43. gxh6 Kf6 44. g5+ Kg6 45. a4 Kh7 46. Ke3
Kg6 1/2-1/2

[Event "Politiken Cup 2011"]
[Site "Helsingor"]
[Date "2011.07.31"]
[Round "3.87"]
[White "Larsen, Arne Walther"]
[Black "Zivkovic, Milenko"]
[Result "0-1"]
[WhiteElo "1851"]
[BlackElo "2079"]
[PlyCount "72"]
[EventDate "2011.??.??"]
[WhiteTeam "Hvidovre"]
[BlackTeam "Perlen"]

1. c4 Nf6 2. g3 g6 3. Nc3 Bg7 4. Bg2 O-O 5. e4 d6 6. Nge2 e5 7. O-O Nc6 8. d3
Nd4 9. b4 Bg4 10. f3 Be6 11. Be3 Nc6 12. b5 Ne7 13. Rc1 Nh5 14. Nd5 c6 15.
Nxe7+ Qxe7 16. bxc6 bxc6 17. f4 f5 18. exf5 Bxf5 19. Bxc6 Rab8 20. Bf3 Nf6 21.
Nc3 Qd7 22. Ne4 Ng4 23. Bd2 exf4 24. Bxf4 Bd4+ 25. Kg2 Rb2+ 26. Rc2 Rxc2+ 27.
Qxc2 Bxe4 28. dxe4 Rxf4 29. Bxg4 Rxg4 30. c5 dxc5 31. Qb3+ Kg7 32. Qf3 Kh6 33.
h3 Rg5 34. Qf8+ Qg7 35. h4 Qxf8 36. hxg5+ Kg7 0-1

[Event "Politiken Cup 2011"]
[Site "Helsingor"]
[Date "2011.07.31"]
[Round "3.88"]
[White "Andersen, Rune Egede"]
[Black "Henningsen, Lasse"]
[Result "1/2-1/2"]
[WhiteElo "2078"]
[BlackElo "1670"]
[PlyCount "107"]
[EventDate "2011.??.??"]
[WhiteTeam "Brønshøj"]
[BlackTeam "Helsingør"]

1. e4 e5 2. Nf3 Nc6 3. Bb5 a6 4. Ba4 Nf6 5. Qe2 b5 6. Bb3 Bd6 7. d3 h6 8. c3
Bb7 9. Nbd2 Qe7 10. Nf1 Na5 11. Bc2 c5 12. Ne3 g6 13. O-O O-O 14. Nh4 Kh7 15.
Nef5 gxf5 16. Nxf5 Qe6 17. Bxh6 Rg8 18. f4 Kh8 19. Nxd6 Qxd6 20. fxe5 Qxe5 21.
Rf5 Qxf5 22. exf5 Rxg2+ 23. Qxg2 Bxg2 24. Kxg2 Re8 25. Kf3 Nc6 26. h3 Re5 27.
d4 cxd4 28. Rg1 Ne8 29. Bf4 Rc5 30. Bb3 dxc3 31. bxc3 Rxf5 32. Ke4 Rf6 33. Rd1
d6 34. Bd5 Ne5 35. Bxe5 dxe5 36. Kxe5 Rf2 37. Be4 Kg7 38. a3 Ra2 39. Bc6 Nc7
40. Rg1+ Kf8 41. Kd6 Ne6 42. Bd5 Rxa3 43. Rf1 Kg7 44. Ke7 Nc5 45. Rxf7+ Kg6 46.
Rf3 Na4 47. Rf6+ Kg5 48. Rxa6 Rxc3 49. Ra5 Nb6 50. Be6 Rc5 51. Kd6 Nc4+ 52.
Kxc5 Nxa5 53. Kxb5 Nb7 54. Kb6 1/2-1/2

[Event "Politiken Cup 2011"]
[Site "Helsingor"]
[Date "2011.07.31"]
[Round "3.89"]
[White "Halamus, Agata"]
[Black "Holm, Henrik"]
[Result "1-0"]
[WhiteElo "2076"]
[BlackElo "1853"]
[PlyCount "43"]
[EventDate "2011.??.??"]
[WhiteTeam "AKS Mikolow"]
[BlackTeam "Hillerød"]

1. e4 e5 2. Nf3 Nc6 3. Bc4 Nf6 4. Ng5 d5 5. exd5 Na5 6. Bb5+ c6 7. dxc6 bxc6 8.
Be2 h6 9. Nh3 Qd5 10. Bf3 e4 11. Nc3 Qe5 12. Qe2 Bf5 13. d3 g5 14. Nxe4 Nxe4
15. Bxe4 Bxh3 16. gxh3 Kd7 17. Qg4+ Kc7 18. Bd2 Rg8 19. Qg3 Qxg3 20. Bxa5+ Kd6
21. hxg3 Re8 22. Kd2 1-0

[Event "Politiken Cup 2011"]
[Site "Helsingor"]
[Date "2011.07.31"]
[Round "3.90"]
[White "Hjornevik, Asbjorn"]
[Black "Taksrud, Vidar"]
[Result "0-1"]
[WhiteElo "1835"]
[BlackElo "2074"]
[PlyCount "112"]
[EventDate "2011.??.??"]
[WhiteTeam "Sandness"]
[BlackTeam "Tempo Sjakk"]

1. e4 d5 2. exd5 Nf6 3. d4 Nxd5 4. Nf3 g6 5. c4 Nb6 6. Be2 Bg7 7. Nc3 O-O 8.
O-O Nc6 9. Be3 Bg4 10. d5 Bxf3 11. Bxf3 Ne5 12. Bxb6 cxb6 13. b3 b5 14. Nxb5
Nxf3+ 15. Qxf3 Bxa1 16. Rxa1 a6 17. Nc3 e5 18. Ne4 f5 19. Nc5 e4 20. Qc3 b6 21.
Ne6 Qf6 22. Qe1 Rf7 23. Rb1 Rd7 24. Qe3 Rb8 25. f3 exf3 26. Qxf3 Qe5 27. Qf4
Qxf4 28. Nxf4 Kf7 29. Kf2 g5 30. Ne6 Kf6 31. Nd4 Re8 32. Nc6 Re4 33. Re1 Rxe1
34. Kxe1 b5 35. Kd2 bxc4 36. bxc4 Rb7 37. Kc3 f4 38. c5 g4 39. Nd4 Ke5 40. Kc4
Rb1 41. d6 Rc1+ 42. Kb4 Rd1 43. Nc2 Kd5 44. g3 Rb1+ 45. Kc3 fxg3 46. Ne3+ Kxc5
47. d7 Rb8 48. hxg3 h5 49. Nc4 Kd5 50. Ne3+ Ke6 51. Ng2 Kxd7 52. Nf4 Rb5 53. a4
Rf5 54. Ng6 Rf3+ 55. Kd4 Rxg3 56. Ne5+ Ke6 0-1

[Event "Politiken Cup 2011"]
[Site "Helsingor"]
[Date "2011.07.31"]
[Round "3.91"]
[White "Finnlaugsson, Gunnar"]
[Black "Hoel, Jorgen"]
[Result "1-0"]
[WhiteElo "2072"]
[BlackElo "1851"]
[PlyCount "59"]
[EventDate "2011.??.??"]
[WhiteTeam "LASK"]
[BlackTeam "Bergen"]

1. Nf3 c5 2. e4 g6 3. d4 cxd4 4. Nxd4 Bg7 5. Nc3 Nc6 6. Be3 Nf6 7. Bc4 O-O 8.
Bb3 a5 9. a4 Ng4 10. Qxg4 Nxd4 11. Qd1 Nxb3 12. cxb3 d6 13. O-O Be6 14. f4 f5
15. Rf2 fxe4 16. Nxe4 h6 17. Rc1 Rc8 18. Nc3 Kh7 19. Qd3 Qd7 20. Bd4 Bxd4 21.
Qxd4 Bxb3 22. Re1 Rc4 23. Qe3 Bxa4 24. Nd5 Rc6 25. Qd4 e6 26. Rfe2 Rf7 27. Rxe6
Rc1 28. Nf6+ Rxf6 29. Qxf6 Rxe1+ 30. Rxe1 1-0

[Event "Politiken Cup 2011"]
[Site "Helsingor"]
[Date "2011.07.31"]
[Round "3.92"]
[White "Barane, Simon"]
[Black "Jensen, Morten Frank"]
[Result "1-0"]
[WhiteElo "1830"]
[BlackElo "2064"]
[PlyCount "111"]
[EventDate "2011.??.??"]
[WhiteTeam "Sandness"]
[BlackTeam "Præstø"]

1. e4 d5 2. d4 dxe4 3. Nc3 Nf6 4. f3 exf3 5. Nxf3 Bg4 6. h3 Bh5 7. g4 Bg6 8.
Bc4 e6 9. O-O c6 10. g5 Nh5 11. Ne5 Nd7 12. Nxf7 Bxf7 13. Rxf7 Kxf7 14. Qxh5+
g6 15. Qf3+ Kg7 16. Bxe6 Qe8 17. Qg4 Rd8 18. Bf4 h5 19. gxh6+ Kh7 20. Ne4 Be7
21. Ng5+ Bxg5 22. Bxg5 Nf8 23. Bxd8 Qxe6 24. Bg5 Qxg4+ 25. hxg4 Ne6 26. Be3 g5
27. Rf1 Kg6 28. Rf2 a5 29. c4 Rd8 30. Rf5 a4 31. d5 cxd5 32. cxd5 Nf4 33. Bxf4
gxf4 34. Rxf4 a3 35. bxa3 Rxd5 36. h7 Kxh7 37. Rf7+ Kg6 38. Rxb7 Rd3 39. Rb3
Rd2 40. Rb5 Rxa2 41. Ra5 Kf6 42. Kf1 Kg6 43. a4 Kf6 44. Ke1 Kg6 45. Kd1 Rg2 46.
g5 Kg7 47. Kc1 Kh7 48. Kb1 Kg7 49. Rc5 Rg4 50. a5 Ra4 51. Kb2 Kg6 52. Kb3 Ra1
53. Kc4 Ra2 54. Kb5 Ra1 55. Kb6 Rb1+ 56. Rb5 1-0

[Event "Politiken Cup 2011"]
[Site "Helsingor"]
[Date "2011.07.31"]
[Round "3.94"]
[White "Rasmussen, Henning"]
[Black "Hauge, Lars Oskar"]
[Result "0-1"]
[WhiteElo "1829"]
[BlackElo "2052"]
[PlyCount "94"]
[EventDate "2011.??.??"]
[WhiteTeam "Nykøbing Sjælland"]

1. d4 Nf6 2. c4 c5 3. d5 b5 4. cxb5 a6 5. bxa6 g6 6. Nc3 Bxa6 7. e4 Bxf1 8.
Kxf1 d6 9. g3 Bg7 10. Kg2 O-O 11. Nf3 Nbd7 12. h3 Qa5 13. Bd2 Rfb8 14. Qc2 Ne8
15. b3 Qa6 16. a4 c4 17. bxc4 Qxc4 18. Rhc1 Nc5 19. Nb5 Qxc2 20. Rxc2 Rxa4 21.
Rb1 Nxe4 22. Nc3 Rxb1 23. Nxb1 Nxd2 24. Nbxd2 Nf6 25. Rc8+ Bf8 26. Nc4 Nxd5 27.
Nd4 Kg7 28. Nf3 Ra7 29. Nfd2 Rc7 30. Rb8 e6 31. h4 h5 32. Kf3 Nf6 33. Ke3 d5
34. Ne5 Bd6 35. Nd3 Ng4+ 36. Ke2 Ne5 37. Nxe5 Bxe5 38. f4 Bc3 39. Kd3 Bxd2 40.
Kxd2 Kf6 41. Rb3 Kf5 42. Ra3 f6 43. Rd3 Rc6 44. Ke3 Rd6 45. Kf3 e5 46. Ra3 e4+
47. Ke3 d4+ 0-1

[Event "Politiken Cup 2011"]
[Site "Helsingor"]
[Date "2011.07.31"]
[Round "3.95"]
[White "Petersen, Nils"]
[Black "Molvig, Julius"]
[Result "1/2-1/2"]
[WhiteElo "2051"]
[BlackElo "1842"]
[PlyCount "112"]
[EventDate "2011.??.??"]
[WhiteTeam "Øbro"]
[BlackTeam "Roskilde"]

1. c4 Nf6 2. g3 g6 3. Bg2 Bg7 4. e4 d6 5. Ne2 c5 6. O-O O-O 7. Nbc3 Nc6 8. d3
Qd7 9. h3 b6 10. Be3 Bb7 11. Qd2 Rfc8 12. f4 Rab8 13. f5 Ne5 14. fxg6 hxg6 15.
Rad1 Bc6 16. Nd5 Bxd5 17. exd5 b5 18. b3 bxc4 19. dxc4 Qc7 20. Nc3 Qa5 21. Qc2
Nfd7 22. Bd2 Qb6 23. Na4 Qc7 24. Bc3 Nb6 25. Nb2 Qd8 26. Qd2 Qf8 27. Nd3 Nxd3
28. Qxd3 Bxc3 29. Qxc3 Qg7 30. Qxg7+ Kxg7 31. h4 a5 32. a4 Nd7 33. Bh3 Rc7 34.
Bxd7 Rxd7 35. Rf3 Rdb7 36. Rdd3 Rh8 37. Kf2 Rh5 38. Rde3 g5 39. Re4 gxh4 40.
Rg4+ Kf8 41. Rxh4 Rxh4 42. gxh4 Kg7 43. Kg3 Rb8 44. Kg4 Rh8 45. h5 Rg8 46. Kh4
Rf8 47. Kg5 Rg8 48. h6+ Kh7+ 49. Kh5 f6 50. Re3 Rg5+ 51. Kh4 Re5 52. Rh3 Kxh6
53. Kg4+ Kg6 54. Kf4 Re2 55. Rh8 Rb2 56. Rb8 Rb1 1/2-1/2

[Event "Politiken Cup 2011"]
[Site "Helsingor"]
[Date "2011.07.31"]
[Round "3.97"]
[White "Christensen, Klaus"]
[Black "Krzesinski, Paul"]
[Result "0-1"]
[WhiteElo "2044"]
[BlackElo "1832"]
[PlyCount "67"]
[EventDate "2011.??.??"]
[WhiteTeam "Århus/skolerne"]
[BlackTeam "Sabt Frankfurter TV 1860"]

1. d4 f5 2. g3 Nf6 3. Nf3 g6 4. Bg2 Bg7 5. O-O O-O 6. b3 d6 7. Bb2 Re8 8. Na3
Nbd7 9. Nc4 c6 10. a4 Qc7 11. Ng5 Nf8 12. Qd3 h6 13. Nh3 Bd7 14. a5 Rad8 15. b4
Bc8 16. a6 b6 17. Ne3 c5 18. Qb3+ Kh7 19. Rfd1 Be6 20. d5 Bg8 21. b5 e6 22.
dxe6 Nxe6 23. c4 Nd4 24. Qd3 Nd7 25. f4 Nf6 26. Ra2 Qe7 27. Bc1 d5 28. Nxd5
Nxd5 29. cxd5 Nxe2+ 30. Kf1 Nc3 31. Rc2 Nxd1 32. Qxd1 Qd7 33. Rd2 Qxb5+ 34. Kg1
0-1

[Event "Politiken Cup 2011"]
[Site "Helsingor"]
[Date "2011.07.31"]
[Round "3.96"]
[White "Schmidt, Horst Hubert"]
[Black "Haubro, Martin"]
[Result "0-1"]
[WhiteElo "1816"]
[BlackElo "2040"]
[PlyCount "80"]
[EventDate "2011.??.??"]
[WhiteTeam "Brønshøj"]
[BlackTeam "BMS"]

1. d4 Nf6 2. Nf3 c5 3. e3 cxd4 4. Nxd4 e5 5. Nf3 d6 6. Nc3 Be7 7. Bb5+ Nbd7 8.
O-O O-O 9. Qe2 a6 10. Bc4 b5 11. Bd5 Rb8 12. e4 b4 13. Na4 Nxd5 14. exd5 Qa5
15. b3 Qxd5 16. Be3 Bb7 17. Rfd1 Qe6 18. Rac1 d5 19. Bd2 d4 20. Re1 Qg6 21. g3
Qc6 22. Kg2 Qd5 23. c4 bxc3 24. Bxc3 d3 25. Qd1 e4 26. Ng1 e3+ 27. f3 d2 28.
Bxd2 exd2 29. Rxe7 dxc1=Q 30. Qxc1 Rbc8 31. Qb2 Qd3 32. Re2 Rfe8 33. Rd2 Qf5
34. g4 Qxg4+ 35. Kf2 Qh4+ 36. Kg2 Ne5 37. Nb6 Nxf3 38. Nxf3 Qg4+ 39. Kf1 Qxf3+
40. Kg1 Re1# 0-1

[Event "Politiken Cup 2011"]
[Site "Helsingor"]
[Date "2011.07.31"]
[Round "3.98"]
[White "Larsen, Eigil"]
[Black "Nielsen, Frode B"]
[Result "0-1"]
[WhiteElo "1811"]
[BlackElo "2028"]
[PlyCount "122"]
[EventDate "2011.??.??"]
[WhiteTeam "Nordkalotten"]
[BlackTeam "Frederiksberg"]

1. e4 e5 2. Nf3 Nc6 3. Bb5 a6 4. Ba4 Nf6 5. O-O Nxe4 6. d4 b5 7. Bb3 d5 8. dxe5
Be6 9. c3 Bc5 10. Nbd2 Bg4 11. Nxe4 dxe4 12. Qxd8+ Rxd8 13. Ng5 Nxe5 14. Nxe4
Bb6 15. Ng3 O-O 16. Bg5 Rde8 17. Bc2 f6 18. Bf4 Rd8 19. h3 Be6 20. Rad1 Bc4 21.
Rfe1 Nd3 22. Bxd3 Bxd3 23. Rd2 Bc4 24. Red1 Rxd2 25. Rxd2 Bxa2 26. Rd7 Re8 27.
Bxc7 Be6 28. Rxg7+ Kxg7 29. Bxb6 Kg6 30. b4 Bc4 31. Bd4 Re1+ 32. Kh2 f5 33. f3
Bd5 34. Nh1 Bc4 35. Nf2 Re2 36. Kg3 Ra2 37. Bb6 Ra3 38. Bd4 Bf1 39. Nd1 a5 40.
bxa5 Rxa5 41. Ne3 Bd3 42. Kf4 Ra8 43. Be5 Ra4+ 44. Bd4 b4 45. cxb4 Rxb4 46. Ke5
Ra4 47. Bb6 Rb4 48. Ba7 Kg5 49. Bc5 Rb5 50. Kd4 Bb1 51. Be7+ Kh5 52. g4+ fxg4
53. hxg4+ Kg6 54. g5 Rb7 55. Bf6 h6 56. f4 Rb4+ 57. Kd5 Rxf4 58. Be5 Ba2+ 59.
Kc5 Re4 60. gxh6 Rxe5+ 61. Kd4 Re8 0-1

[Event "Politiken Cup 2011"]
[Site "Helsingor"]
[Date "2011.07.31"]
[Round "3.99"]
[White "Mortensen, Henrik"]
[Black "Nielsen, Palle"]
[Result "1-0"]
[WhiteElo "2024"]
[BlackElo "1824"]
[PlyCount "35"]
[EventDate "2011.??.??"]
[WhiteTeam "Horsens"]
[BlackTeam "Helsingør"]

1. e4 e5 2. Nf3 Nc6 3. Nc3 Nf6 4. d4 Bb4 5. dxe5 Bxc3+ 6. bxc3 Nxe4 7. Qd5 f5
8. Bd3 Ne7 9. Qb3 Nc5 10. Qc4 Ne6 11. O-O b6 12. Nd4 g6 13. f4 Nc5 14. Ba3 Ne6
15. Rad1 a6 16. Nxe6 dxe6 17. Bxf5 Nd5 18. Be4 1-0

[Event "Politiken Cup 2011"]
[Site "Helsingor"]
[Date "2011.07.31"]
[Round "3.100"]
[White "Henningsson, Hjalte Skov"]
[Black "Radice, Luca"]
[Result "0-1"]
[WhiteElo "1794"]
[BlackElo "2021"]
[PlyCount "70"]
[EventDate "2011.??.??"]
[WhiteTeam "Øbro"]
[BlackTeam "Monza"]

1. Nf3 d6 2. d4 f5 3. g3 Nf6 4. Bg2 g6 5. O-O Bg7 6. c4 O-O 7. Nc3 Nc6 8. e3 e5
9. dxe5 dxe5 10. b3 e4 11. Nd4 Nxd4 12. exd4 Ng4 13. Ne2 c5 14. h3 Nxf2 15.
Rxf2 cxd4 16. Bb2 d3 17. Bxg7 dxe2 18. Qxd8 Rxd8 19. Rxe2 Kxg7 20. Rf1 a5 21.
g4 Ra6 22. h4 Rad6 23. h5 Rd1 24. Rxd1 Rxd1+ 25. Kf2 Kf6 26. hxg6 hxg6 27. gxf5
gxf5 28. Rc2 Ke5 29. Ke2 Rd3 30. Rd2 Rxd2+ 31. Kxd2 f4 32. a3 f3 33. Bf1 Kd4
34. b4 e3+ 35. Ke1 f2+ 0-1

[Event "Politiken Cup 2011"]
[Site "Helsingor"]
[Date "2011.07.31"]
[Round "3.101"]
[White "Aartun, Magnus"]
[Black "Celander, Adam"]
[Result "1-0"]
[WhiteElo "1788"]
[BlackElo "2006"]
[PlyCount "53"]
[EventDate "2011.??.??"]
[WhiteTeam "Stavanger"]

1. d4 d5 2. c4 c6 3. e3 Nf6 4. Nf3 Bf5 5. Nc3 e6 6. h3 Bd6 7. Bd3 Ne4 8. Qc2
Nxc3 9. Bxf5 exf5 10. bxc3 Qd7 11. cxd5 cxd5 12. Qb3 Qc6 13. Bb2 Nd7 14. O-O
O-O 15. Nd2 Nb6 16. a4 a5 17. Rab1 Bc7 18. Ba3 Rfe8 19. Bc5 Ra6 20. c4 Qh6 21.
g3 dxc4 22. Nxc4 Nxc4 23. Qxc4 Rae6 24. Rxb7 f4 25. Rxc7 fxe3 26. d5 Re4 27.
Qxe4 1-0

[Event "Politiken Cup 2011"]
[Site "Helsingor"]
[Date "2011.07.31"]
[Round "3.102"]
[White "Pimenta, Antonio"]
[Black "Andersen, Claus Nis"]
[Result "1-0"]
[WhiteElo "2006"]
[BlackElo "1811"]
[PlyCount "99"]
[EventDate "2011.??.??"]
[WhiteTeam "Dommeldange Beggen"]
[BlackTeam "Rokaden"]

1. Nc3 Nf6 2. e4 e5 3. Nf3 Bb4 4. Nxe5 O-O 5. Nd3 Bxc3 6. dxc3 Nxe4 7. Be2 d6
8. O-O Bf5 9. Re1 Re8 10. Nf4 c6 11. Be3 d5 12. c4 dxc4 13. Bxc4 Nd7 14. Qh5
Qf6 15. Rad1 g6 16. Qh6 Ne5 17. Bd4 Rad8 18. Bxe5 Qxe5 19. Nd3 Qf6 20. Qf4 Qg5
21. f3 Qxf4 22. Nxf4 Nf6 23. Rxd8 Rxd8 24. Re7 Nd5 25. Nxd5 cxd5 26. Bb3 Bc8
27. Kf2 Kg7 28. Ke3 Kf6 29. Rc7 d4+ 30. Kd2 Rf8 31. Bd5 Be6 32. Bxe6 Kxe6 33.
Rxb7 Ra8 34. Kd3 a5 35. a4 Ra6 36. Rb5 f5 37. Kxd4 Rd6+ 38. Ke3 f4+ 39. Ke2 Ra6
40. g4 fxg3 41. hxg3 Rc6 42. c3 Ra6 43. g4 h6 44. f4 Kf6 45. Kf3 Ke6 46. Ke4
Kf6 47. g5+ hxg5 48. fxg5+ Ke6 49. c4 Rc6 50. c5 1-0

[Event "Politiken Cup 2011"]
[Site "Helsingor"]
[Date "2011.07.31"]
[Round "3.103"]
[White "Christophersen, David"]
[Black "Hedlerfog, Robert"]
[Result "1-0"]
[WhiteElo "1777"]
[BlackElo "2006"]
[PlyCount "73"]
[EventDate "2011.??.??"]
[WhiteTeam "Allerød"]
[BlackTeam "HG Schack"]

1. d4 e6 2. c4 d5 3. cxd5 exd5 4. Nc3 Nf6 5. Bg5 Be7 6. e3 c6 7. Bd3 Bg4 8. f3
Bh5 9. Nge2 Bg6 10. O-O Nbd7 11. Qc2 Nh5 12. Bxg6 hxg6 13. Bxe7 Qxe7 14. e4
Nhf6 15. Ng3 Kf8 16. Rae1 Qb4 17. Qd2 Nh5 18. a3 Qd6 19. e5 Qe6 20. Nce2 Nb6
21. Nxh5 Rxh5 22. Nf4 Qf5 23. Nxh5 Qxh5 24. e6 a5 25. Qf4 Qf5 26. Qd6+ Ke8 27.
exf7+ Kxf7 28. Re7+ Kg8 29. Qc7 Qf6 30. Rd1 Nc4 31. Qxb7 Rd8 32. Qc7 Rd6 33.
Qc8+ Kh7 34. Qh3+ Kg8 35. Re8+ Kf7 36. Qh8 g5 37. Rf8+ 1-0